• 首页
  • 本馆介绍
  • 公告通知
  • 最新文献
  • 馆藏检索
  • 电子资源
  • 读者导购
  • 参考咨询
  • 我的图书馆
  • 登录
  • 详细信息显示
  • 放入我的书架
  • 预约/预借图书
  • 作者相关作品
  • 分类相关作品
  • 丛书相关作品
  • 出版社相关作品

书目信息

  • 表格格式
  • 工作单格式
  • 卡片格式
题名:
铁路特殊条件货运组织
    
 
作者: 谢淑润 , 钟喜云 主编
分册:  
出版信息: 北京   中国财富出版社  2015.01
页数: 266页
开本: 26cm
丛书名: “十二五”职业教育国家规划教材
单 册:
中图分类: U294.1 , U294.1
科图分类:
主题词: 铁路运输--tie lu yun shu--货物运输--职业教育--教材
电子资源:
ISBN: 978-7-5047-5505-6
000 01106nam 2200277 450
001 2335739600
005 20231124095609.20
010    @a978-7-5047-5505-6@dCNY65.00
100    @a20150202d2015 em y0chiy50 ea
101 0  @achi
102    @aCN@b110000
105    @aak z 000yy
200 1  @a铁路特殊条件货运组织@Atie lu te shu tiao jian huo yun zu zhi@f主编谢淑润, 钟喜云
205    @a第2版
210    @a北京@c中国财富出版社@d2015.01
215    @a266页@c图@d26cm@e铁路特殊条件货运组织学生工作活页手册1册 (107叶)
225 2  @a“十二五”职业教育国家规划教材@A“ shi er wu ” zhi ye jiao yu guo jia gui hua jiao cai
330    @a本书分为阔大货物运输组织、鲜活货物运输组织、危险货物运输组织三个学习情境, 每个学习情境均以典型的真实工作案例作为学习载体设计学习任务, 共安排有11个学习任务。
410  0 @12001 @a“十二五”职业教育国家规划教材
606 0  @a铁路运输@Atie lu yun shu@x货物运输@x职业教育@j教材
690    @aU294.1@v5
690    @aU294.1@v4
701  0 @a谢淑润@Axie shu run@4主编
701  0 @a钟喜云@Azhong xi yun@4主编
801  0 @aCN@b人天书店@c20150202
905    @aBZT@dU294.1@e4=2
    
    铁路特殊条件货运组织/主编谢淑润, 钟喜云.-第2版.-北京:中国财富出版社,2015.01
    266页:图;26cm+铁路特殊条件货运组织学生工作活页手册1册 (107叶).-(“十二五”职业教育国家规划教材)
    
    
    ISBN 978-7-5047-5505-6:CNY65.00
    本书分为阔大货物运输组织、鲜活货物运输组织、危险货物运输组织三个学习情境, 每个学习情境均以典型的真实工作案例作为学习载体设计学习任务, 共安排有11个学习任务。
●
相关链接 在五车中查询图书 在当当中查询图书 在豆瓣中查询图书


正题名:铁路特殊条件货运组织     索取号:U294.1/4=2         预约/预借

序号 登录号 条形码 馆藏地/架位号 状态 备注
1 2001111296   2001111296   东辅楼二楼书库/ [索取号:U294.1/4=2] 在馆    
2 2001111297   2001111297   东辅楼二楼书库/ [索取号:U294.1/4=2] 在馆    
3 2001111298   2001111298   东辅楼二楼书库/ [索取号:U294.1/4=2] 在馆    
4 2001111299   2001111299   东辅楼二楼书库/ [索取号:U294.1/4=2] 在馆    
5 2001111300   2001111300   东辅楼二楼书库/ [索取号:U294.1/4=2] 在馆    
6 2001111301   2001111301   东辅楼二楼书库/ [索取号:U294.1/4=2] 在馆    
7 2001111302   2001111302   东辅楼二楼书库/ [索取号:U294.1/4=2] 在馆    
8 2001111303   2001111303   东辅楼二楼书库/ [索取号:U294.1/4=2] 在馆    
9 2001111304   2001111304   东辅楼二楼书库/ [索取号:U294.1/4=2] 在馆    
10 2001111305   2001111305   东辅楼二楼书库/ [索取号:U294.1/4=2] 在馆    
11 2001111306   2001111306   东辅楼二楼书库/ [索取号:U294.1/4=2] 在馆    
12 2001111307   2001111307   东辅楼二楼书库/ [索取号:U294.1/4=2] 在馆    
13 2001111308   2001111308   东辅楼二楼书库/ [索取号:U294.1/4=2] 在馆    
14 2001111309   2001111309   东辅楼二楼书库/ [索取号:U294.1/4=2] 在馆    
15 2001111310   2001111310   东辅楼二楼书库/ [索取号:U294.1/4=2] 在馆    
16 2001111311   2001111311   东辅楼二楼书库/ [索取号:U294.1/4=2] 在馆    
17 2001111312   2001111312   东辅楼二楼书库/ [索取号:U294.1/4=2] 在馆    
18 2001111313   2001111313   东辅楼二楼书库/ [索取号:U294.1/4=2] 在馆    
19 2001111314   2001111314   东辅楼二楼书库/ [索取号:U294.1/4=2] 在馆    
20 2001111315   2001111315   东辅楼二楼书库/ [索取号:U294.1/4=2] 在馆    
21 2001111316   2001111316   东辅楼二楼书库/ [索取号:U294.1/4=2] 在馆    
22 2001111317   2001111317   东辅楼二楼书库/ [索取号:U294.1/4=2] 在馆    
23 2001111318   2001111318   东辅楼二楼书库/ [索取号:U294.1/4=2] 在馆    
24 2001111319   2001111319   东辅楼二楼书库/ [索取号:U294.1/4=2] 在馆    
25 2001111320   2001111320   东辅楼二楼书库/ [索取号:U294.1/4=2] 在馆    
26 2001111321   2001111321   东辅楼二楼书库/ [索取号:U294.1/4=2] 在馆    
27 2001111322   2001111322   东辅楼二楼书库/ [索取号:U294.1/4=2] 在馆    
28 2001111323   2001111323   东辅楼二楼书库/ [索取号:U294.1/4=2] 在馆    
29 2001111324   2001111324   东辅楼二楼书库/ [索取号:U294.1/4=2] 在馆    
30 2001111325   2001111325   东辅楼二楼书库/ [索取号:U294.1/4=2] 在馆    
山东省滨州职业学院图书馆 欢迎您!
大连网信软件有限公司© 版权所有